[Event "Deutsche Ländermeisterschaft 2025"]
[Site "Oer-Erkenschwick GER"]
[Date "2025.10.02"]
[Round "3"]
[White "Busch, Lara Sophie"]
[Black "Blöcher, Mina"]
[Result "1-0"]
[Termination "normal"]
[Board "8.7"]
[WhiteElo "1704"]
[BlackElo "1571"]
[WhiteClock "00:27:14"]
[BlackClock "00:34:57"]
[WhiteTeam "Hamburg 1"]
[BlackTeam "Hamburg 2"]
[PlyCount "57"]
[WhiteFideId "34664866"]
[BlackFideId "34663339"]
[EventCountry "GER"]
[EventRounds "7"]
[EventType "team-swiss"]
[EventDate "2025.09.30"]

1. e4 {[%emt 00:00:04]} c6 {[%emt 00:00:05]} 2. d4 {[%clk 01:30:51]} {[%emt
00:00:16]} d5 {[%clk 01:30:42]} {[%emt 00:00:18]} 3. exd5 {[%clk 01:31:06]}
{[%emt 00:00:15]} cxd5 {[%clk 01:31:05]} {[%emt 00:00:06]} 4. Bd3 {[%clk
01:31:22]} {[%emt 00:00:15]} Nc6 {[%clk 01:31:28]} {[%emt 00:00:07]} 5. c3
{[%clk 01:31:37]} {[%emt 00:00:16]} a6 {[%clk 01:31:38]} {[%emt 00:00:19]} 6.
Bf4 {[%clk 01:31:33]} {[%emt 00:00:33]} e6 {[%clk 01:31:38]} {[%emt 00:00:31]}
7. Nf3 {[%clk 01:31:02]} {[%emt 00:01:02]} Bd6 {[%clk 01:31:05]} {[%emt
00:01:02]} 8. Bxd6 {[%clk 01:31:03]} {[%emt 00:00:29]} Qxd6 {[%clk 01:31:32]}
{[%emt 00:00:03]} 9. Nbd2 {[%clk 01:30:31]} {[%emt 00:01:03]} Nge7 {[%clk
01:30:52]} {[%emt 00:01:09]} 10. O-O {[%clk 01:29:21]} {[%emt 00:01:40]} O-O
{[%clk 01:30:37]} {[%emt 00:00:45]} 11. Qc2 {[%clk 01:28:39]} {[%emt 00:01:12]}
g6 {[%clk 01:28:09]} {[%emt 00:02:58]} 12. Rae1 {[%clk 01:24:01]} {[%emt
00:05:09]} f6 {[%clk 01:26:06]} {[%emt 00:02:32]} 13. h3 {[%clk 01:12:43]}
{[%emt 00:11:48]} e5 {[%clk 01:20:54]} {[%emt 00:05:42]} 14. dxe5 {[%clk
01:12:44]} {[%emt 00:00:29]} fxe5 {[%clk 01:20:21]} {[%emt 00:01:03]} 15. Nh2
{[%clk 01:11:26]} {[%emt 00:01:48]} e4 {[%clk 01:19:42]} {[%emt 00:01:09]} 16.
Be2 {[%clk 01:10:15]} {[%emt 00:01:41]} Be6 {[%clk 01:15:47]} {[%emt 00:04:24]}
17. Rd1 {[%clk 01:03:24]} {[%emt 00:07:22]} Rac8 {[%clk 01:12:24]} {[%emt
00:03:53]} 18. Nxe4 {[%clk 00:59:56]} {[%emt 00:03:58]} Qe5 {[%clk 01:03:01]}
{[%emt 00:09:52]} 19. Nc5 {[%clk 00:50:26]} {[%emt 00:10:01]} Rc7 {[%clk
00:55:53]} {[%emt 00:07:38]} 20. Qd2 {[%clk 00:44:55]} {[%emt 00:06:02]} Na5
{[%clk 00:50:28]} {[%emt 00:05:55]} 21. Nxe6 {[%clk 00:44:55]} {[%emt
00:00:30]} Qxe6 {[%clk 00:45:46]} {[%emt 00:05:11]} 22. Rfe1 {[%clk 00:43:17]}
{[%emt 00:02:09]} Qf6 {[%clk 00:43:57]} {[%emt 00:02:18]} 23. Ng4 {[%clk
00:42:56]} {[%emt 00:00:52]} Qb6 {[%clk 00:40:47]} {[%emt 00:03:38]} 24. Bf3
{[%clk 00:33:39]} {[%emt 00:09:49]} Rxf3 {[%clk 00:37:50]} {[%emt 00:03:28]}
25. gxf3 {[%clk 00:30:38]} {[%emt 00:03:30]} Nc4 {[%clk 00:37:35]} {[%emt
00:00:44]} 26. Qd4 {[%clk 00:27:50]} {[%emt 00:03:13]} Qd6 {[%clk 00:35:44]}
{[%emt 00:02:27]} 27. Nh6+ {[%clk 00:26:54]} {[%emt 00:01:25]} Kf8 {[%clk
00:35:02]} {[%emt 00:01:12]} 28. Qh8+ {[%clk 00:27:14]} {[%emt 00:00:10]} Ng8
{[%clk 00:34:57]} {[%emt 00:00:35]} 29. Qxg8# {[%emt 00:00:11]} 1-0

[Event "Deutsche Ländermeisterschaft 2025"]
[Site "Oer-Erkenschwick GER"]
[Date "2025.10.02"]
[Round "3"]
[White "Seyedfakhari, Elena"]
[Black "Du, Vivian"]
[Result "1-0"]
[Termination "normal"]
[Board "8.8"]
[WhiteElo "1469"]
[BlackElo "1440"]
[WhiteClock "01:07:43"]
[BlackClock "01:12:38"]
[WhiteTeam "Hamburg 2"]
[BlackTeam "Hamburg 1"]
[PlyCount "145"]
[WhiteFideId "34639888"]
[BlackFideId "533025924"]
[EventCountry "GER"]
[EventRounds "7"]
[EventType "team-swiss"]
[EventDate "2025.09.30"]

1. e4 {[%clk 01:30:58]} {[%emt 00:00:01]} e5 {[%clk 01:30:52]} {[%emt
00:00:08]} 2. Nf3 {[%clk 01:31:16]} {[%emt 00:00:13]} Nc6 {[%clk 01:31:18]}
{[%emt 00:00:04]} 3. Nc3 {[%clk 01:31:14]} {[%emt 00:00:32]} Nf6 {[%clk
01:31:40]} {[%emt 00:00:08]} 4. Bb5 {[%clk 01:31:28]} {[%emt 00:00:16]} Nd4
{[%clk 01:31:36]} {[%emt 00:00:33]} 5. Nxd4 {[%clk 01:29:24]} {[%emt 00:02:34]}
exd4 {[%clk 01:31:59]} {[%emt 00:00:07]} 6. Nd5 {[%clk 01:28:15]} {[%emt
00:01:28]} Nxd5 {[%clk 01:31:17]} {[%emt 00:01:23]} 7. exd5 {[%clk 01:28:02]}
{[%emt 00:00:42]} Qg5 {[%clk 01:29:48]} {[%emt 00:02:00]} 8. Qf3 {[%clk
01:27:02]} {[%emt 00:01:23]} Be7 {[%clk 01:29:25]} {[%emt 00:01:00]} 9. O-O
{[%clk 01:26:56]} {[%emt 00:00:37]} O-O {[%clk 01:28:36]} {[%emt 00:01:18]} 10.
d3 {[%clk 01:27:16]} {[%emt 00:00:09]} Qg6 {[%clk 01:28:29]} {[%emt 00:00:38]}
11. Re1 {[%clk 01:27:09]} {[%emt 00:00:37]} Re8 {[%clk 01:26:34]} {[%emt
00:02:24]} 12. Bf4 {[%clk 01:27:01]} {[%emt 00:00:34]} c6 {[%clk 01:26:07]}
{[%emt 00:01:01]} 13. Bc4 {[%clk 01:25:27]} {[%emt 00:02:01]} b5 {[%clk
01:22:22]} {[%emt 00:04:19]} 14. Bb3 {[%clk 01:25:32]} {[%emt 00:00:24]} a5
{[%clk 01:22:35]} {[%emt 00:00:18]} 15. a3 {[%clk 01:25:41]} {[%emt 00:00:21]}
a4 {[%clk 01:20:48]} {[%emt 00:02:17]} 16. Ba2 {[%clk 01:25:53]} {[%emt
00:00:18]} Bb7 {[%clk 01:20:34]} {[%emt 00:00:44]} 17. Qe2 {[%clk 01:24:44]}
{[%emt 00:01:38]} Qf5 {[%clk 01:17:11]} {[%emt 00:03:53]} 18. Bd6 {[%clk
01:24:22]} {[%emt 00:00:49]} h6 {[%clk 01:13:06]} {[%emt 00:04:38]} 19. Bxe7
{[%clk 01:24:07]} {[%emt 00:00:45]} cxd5 {[%clk 01:12:25]} {[%emt 00:01:12]}
20. Qf3 {[%clk 01:23:23]} {[%emt 00:01:04]} Qxf3 {[%clk 01:12:24]} {[%emt
00:00:40]} 21. gxf3 {[%clk 01:23:36]} {[%emt 00:00:17]} Rac8 {[%clk 01:12:44]}
{[%emt 00:00:11]} 22. Rac1 {[%clk 01:22:43]} {[%emt 00:01:22]} Rc6 {[%clk
01:12:11]} {[%emt 00:01:03]} 23. Bxd5 {[%clk 01:22:13]} {[%emt 00:01:00]} Rg6+
{[%clk 01:12:33]} {[%emt 00:00:08]} 24. Kf1 {[%clk 01:20:41]} {[%emt 00:02:00]}
Bxd5 {[%clk 01:12:45]} {[%emt 00:00:20]} 25. Bc5 {[%clk 01:20:07]} {[%emt
00:01:01]} Rc8 {[%clk 01:12:29]} {[%emt 00:00:50]} 26. Bxd4 {[%clk 01:19:07]}
{[%emt 00:01:29]} Bxf3 {[%clk 01:12:39]} {[%emt 00:00:20]} 27. Re3 {[%clk
01:18:40]} {[%emt 00:00:53]} Bc6 {[%clk 01:12:17]} {[%emt 00:00:56]} 28. Rg3
{[%clk 01:18:31]} {[%emt 00:00:37]} Rxg3 {[%clk 01:11:50]} {[%emt 00:00:58]}
29. fxg3 {[%clk 01:18:28]} {[%emt 00:00:33]} Bd5 {[%clk 01:11:47]} {[%emt
00:00:34]} 30. c3 {[%clk 01:18:00]} {[%emt 00:00:58]} Rc6 {[%clk 01:11:10]}
{[%emt 00:01:06]} 31. Be3 {[%clk 01:17:08]} {[%emt 00:01:20]} Rf6+ {[%clk
01:11:00]} {[%emt 00:00:42]} 32. Ke1 {[%clk 01:16:47]} {[%emt 00:00:33]} Re6
{[%clk 01:10:33]} {[%emt 00:01:16]} 33. Kd2 {[%clk 01:16:55]} {[%emt 00:00:20]}
g5 {[%clk 01:10:35]} {[%emt 00:00:30]} 34. c4 {[%clk 01:16:31]} {[%emt
00:00:54]} bxc4 {[%clk 01:10:53]} {[%emt 00:00:12]} 35. dxc4 {[%clk 01:16:36]}
{[%emt 00:00:24]} Bf3 {[%clk 01:10:45]} {[%emt 00:00:37]} 36. Re1 {[%clk
01:16:01]} {[%emt 00:00:55]} Be4 {[%clk 01:10:25]} {[%emt 00:01:01]} 37. Bd4
{[%clk 01:15:14]} {[%emt 00:01:17]} f5 {[%clk 01:09:45]} {[%emt 00:01:10]} 38.
Kc3 {[%clk 01:12:09]} {[%emt 00:03:35]} h5 {[%clk 01:08:22]} {[%emt 00:01:53]}
39. Bf2 {[%clk 01:12:11]} {[%emt 00:00:28]} Rc6 {[%clk 01:08:11]} {[%emt
00:00:41]} 40. b4 {[%clk 01:11:59]} {[%emt 00:00:42]} d5 {[%clk 01:07:41]}
{[%emt 00:01:00]} 41. c5 {[%clk 01:11:46]} {[%emt 00:00:43]} f4 {[%clk
01:07:08]} {[%emt 00:01:02]} 42. b5 {[%clk 01:10:35]} {[%emt 00:01:42]} Rc8
{[%clk 01:06:59]} {[%emt 00:00:40]} 43. b6 {[%clk 01:10:38]} {[%emt 00:00:27]}
d4+ {[%clk 01:07:03]} {[%emt 00:00:24]} 44. Bxd4 {[%clk 01:10:28]} {[%emt
00:00:40]} Bc6 {[%clk 01:07:23]} {[%emt 00:00:11]} 45. gxf4 {[%clk 01:09:57]}
{[%emt 00:01:00]} gxf4 {[%clk 01:07:44]} {[%emt 00:00:09]} 46. Rg1+ {[%clk
01:09:43]} {[%emt 00:00:42]} Kh7 {[%clk 01:07:21]} {[%emt 00:00:55]} 47. Rg7+
{[%clk 01:09:39]} {[%emt 00:00:29]} Kh6 {[%clk 01:07:42]} {[%emt 00:00:14]} 48.
Rc7 {[%clk 01:09:27]} {[%emt 00:00:42]} Rxc7 {[%clk 01:07:33]} {[%emt
00:00:39]} 49. bxc7 {[%clk 01:09:39]} {[%emt 00:00:17]} Bd7 {[%clk 01:07:54]}
{[%emt 00:00:10]} 50. c6 {[%clk 01:09:03]} {[%emt 00:01:06]} Bc8 {[%clk
01:08:17]} {[%emt 00:00:08]} 51. Kb4 {[%clk 01:08:53]} {[%emt 00:00:39]} Kg5
{[%clk 01:08:35]} {[%emt 00:00:13]} 52. Kxa4 {[%clk 01:08:54]} {[%emt
00:00:29]} Kg4 {[%clk 01:09:00]} {[%emt 00:00:04]} 53. Ka5 {[%clk 01:09:04]}
{[%emt 00:00:21]} Kh3 {[%clk 01:09:21]} {[%emt 00:00:08]} 54. Kb6 {[%clk
01:09:06]} {[%emt 00:00:29]} Kxh2 {[%clk 01:09:40]} {[%emt 00:00:11]} 55. Ka7
{[%clk 01:09:14]} {[%emt 00:00:22]} Kg2 {[%clk 01:10:00]} {[%emt 00:00:09]} 56.
Kb8 {[%clk 01:09:22]} {[%emt 00:00:22]} h4 {[%clk 01:10:00]} {[%emt 00:00:31]}
57. Kxc8 {[%clk 01:09:01]} {[%emt 00:00:51]} h3 {[%clk 01:10:23]} {[%emt
00:00:06]} 58. Kd8 {[%clk 01:08:55]} {[%emt 00:00:36]} h2 {[%clk 01:10:45]}
{[%emt 00:00:08]} 59. c8=Q {[%clk 01:08:52]} {[%emt 00:00:32]} h1=Q {[%clk
01:11:06]} {[%emt 00:00:10]} 60. c7 {[%clk 01:08:40]} {[%emt 00:00:42]} f3
{[%clk 01:11:03]} {[%emt 00:00:34]} 61. Qb7 {[%clk 01:08:53]} {[%emt 00:00:16]}
Qd1 {[%clk 01:10:35]} {[%emt 00:01:28]} 62. Qd5 {[%clk 01:08:35]} {[%emt
00:00:48]} Kh3 {[%clk 01:09:42]} {[%emt 00:01:22]} 63. c8=Q+ {[%clk 01:08:47]}
{[%emt 00:00:16]} Kg3 {[%clk 01:09:50]} {[%emt 00:00:24]} 64. Qc7+ {[%clk
01:08:30]} {[%emt 00:00:47]} Kg2 {[%clk 01:10:10]} {[%emt 00:00:11]} 65. Qg7+
{[%clk 01:08:07]} {[%emt 00:00:51]} Kf1 {[%clk 01:10:26]} {[%emt 00:00:15]} 66.
Qg1+ {[%clk 01:08:02]} {[%emt 00:00:36]} Ke2 {[%clk 01:10:44]} {[%emt
00:00:12]} 67. Qxd1+ {[%clk 01:07:42]} {[%emt 00:00:50]} Kxd1 {[%clk 01:11:02]}
{[%emt 00:00:12]} 68. Qxf3+ {[%clk 01:07:52]} {[%emt 00:00:19]} Kd2 {[%clk
01:11:18]} {[%emt 00:00:14]} 69. Qe3+ {[%clk 01:07:41]} {[%emt 00:00:41]} Kc2
{[%clk 01:11:40]} {[%emt 00:00:09]} 70. Qc3+ {[%clk 01:07:27]} {[%emt
00:00:42]} Kd1 {[%clk 01:11:56]} {[%emt 00:00:15]} 71. Qb2 {[%clk 01:07:41]}
{[%emt 00:00:16]} Ke1 {[%clk 01:12:18]} {[%emt 00:00:08]} 72. Qc2 {[%clk
01:07:43]} {[%emt 00:00:28]} Kf1 {[%clk 01:12:38]} {[%emt 00:00:11]} 73. Qf2#
{[%emt 00:00:07]} 1-0

[Event "Deutsche Ländermeisterschaft 2025"]
[Site "Oer-Erkenschwick GER"]
[Date "2025.10.02"]
[Round "3"]
[White "Herrmann, Jakob"]
[Black "Sheng, Ming"]
[Result "1-0"]
[Termination "normal"]
[Board "9.1"]
[WhiteTitle "FM"]
[WhiteElo "2252"]
[BlackElo "2148"]
[WhiteClock "00:24:17"]
[BlackClock "01:03:11"]
[WhiteTeam "Mecklenburg-Vorpommern"]
[BlackTeam "Saarland & Friends"]
[PlyCount "99"]
[WhiteFideId "16287169"]
[BlackFideId "34605258"]
[EventCountry "GER"]
[EventRounds "7"]
[EventType "team-swiss"]
[EventDate "2025.09.30"]

1. Nf3 {[%clk 01:30:54]} {[%emt 00:00:06]} d5 {[%clk 01:30:44]} {[%emt
00:00:16]} 2. g3 {[%clk 01:31:18]} {[%emt 00:00:05]} Nf6 {[%clk 01:31:09]}
{[%emt 00:00:05]} 3. Bg2 {[%clk 01:31:43]} {[%emt 00:00:05]} e6 {[%clk
01:31:32]} {[%emt 00:00:07]} 4. O-O {[%clk 01:32:08]} {[%emt 00:00:05]} Be7
{[%clk 01:31:58]} {[%emt 00:00:04]} 5. c4 {[%clk 01:32:34]} {[%emt 00:00:05]}
O-O {[%clk 01:32:22]} {[%emt 00:00:07]} 6. d4 {[%clk 01:32:53]} {[%emt
00:00:11]} Nbd7 {[%clk 01:32:45]} {[%emt 00:00:06]} 7. Qc2 {[%clk 01:25:01]}
{[%emt 00:08:21]} c6 {[%clk 01:33:00]} {[%emt 00:00:16]} 8. Nbd2 {[%clk
01:25:25]} {[%emt 00:00:06]} b6 {[%clk 01:33:24]} {[%emt 00:00:06]} 9. e4
{[%clk 01:25:51]} {[%emt 00:00:04]} dxc4 {[%clk 01:32:47]} {[%emt 00:01:07]}
10. Nxc4 {[%clk 01:25:26]} {[%emt 00:00:54]} Bb7 {[%clk 01:33:08]} {[%emt
00:00:08]} 11. Nfe5 {[%clk 01:07:52]} {[%emt 00:18:04]} c5 {[%clk 01:31:44]}
{[%emt 00:01:54]} 12. Nxd7 {[%clk 00:56:10]} {[%emt 00:12:12]} Qxd7 {[%clk
01:31:08]} {[%emt 00:01:07]} 13. dxc5 {[%clk 00:56:32]} {[%emt 00:00:07]} Bxc5
{[%clk 01:31:02]} {[%emt 00:00:36]} 14. Rd1 {[%clk 00:54:52]} {[%emt 00:02:10]}
Qc6 {[%clk 01:29:36]} {[%emt 00:01:56]} 15. Ne5 {[%clk 00:46:31]} {[%emt
00:08:51]} Qc7 {[%clk 01:14:47]} {[%emt 00:15:18]} 16. Bf4 {[%clk 00:42:44]}
{[%emt 00:04:17]} Qe7 {[%clk 01:13:39]} {[%emt 00:01:38]} 17. Nd3 {[%clk
00:30:56]} {[%emt 00:12:19]} Bd4 {[%clk 01:10:32]} {[%emt 00:03:37]} 18. Be5
{[%clk 00:29:32]} {[%emt 00:01:55]} Rfd8 {[%clk 01:07:14]} {[%emt 00:03:47]}
19. Bxd4 {[%clk 00:22:43]} {[%emt 00:07:20]} Rxd4 {[%clk 01:07:12]} {[%emt
00:00:31]} 20. Ne5 {[%clk 00:23:08]} {[%emt 00:00:06]} Qd6 {[%clk 01:05:34]}
{[%emt 00:02:07]} 21. Rxd4 {[%clk 00:23:09]} {[%emt 00:00:30]} Qxd4 {[%clk
01:06:00]} {[%emt 00:00:03]} 22. Nc6 {[%clk 00:22:52]} {[%emt 00:00:47]} Qd7
{[%clk 00:56:25]} {[%emt 00:10:04]} 23. e5 {[%clk 00:22:28]} {[%emt 00:00:54]}
Nd5 {[%clk 00:56:10]} {[%emt 00:00:45]} 24. Bxd5 {[%clk 00:22:53]} {[%emt
00:00:06]} exd5 {[%clk 00:56:34]} {[%emt 00:00:07]} 25. Nd4 {[%clk 00:23:18]}
{[%emt 00:00:05]} Rc8 {[%clk 00:55:41]} {[%emt 00:01:22]} 26. Qd2 {[%clk
00:23:19]} {[%emt 00:00:29]} Qg4 {[%clk 00:53:57]} {[%emt 00:02:14]} 27. b3
{[%clk 00:23:24]} {[%emt 00:00:25]} h5 {[%clk 00:53:30]} {[%emt 00:00:58]} 28.
h4 {[%clk 00:20:22]} {[%emt 00:03:32]} Re8 {[%clk 00:51:47]} {[%emt 00:02:12]}
29. Re1 {[%clk 00:18:30]} {[%emt 00:02:22]} f6 {[%clk 00:40:38]} {[%emt
00:11:39]} 30. Qf4 {[%clk 00:09:40]} {[%emt 00:09:20]} Bc8 {[%clk 00:39:50]}
{[%emt 00:01:17]} 31. Re3 {[%clk 00:05:57]} {[%emt 00:04:14]} Qxf4 {[%clk
00:37:23]} {[%emt 00:02:57]} 32. gxf4 {[%clk 00:06:22]} {[%emt 00:00:05]} Bd7
{[%clk 00:35:24]} {[%emt 00:02:29]} 33. e6 {[%clk 00:04:55]} {[%emt 00:01:57]}
Bc8 {[%clk 00:34:45]} {[%emt 00:01:09]} 34. f5 {[%clk 00:05:21]} {[%emt
00:00:04]} Ba6 {[%clk 00:35:08]} {[%emt 00:00:06]} 35. Rc3 {[%clk 00:03:51]}
{[%emt 00:02:00]} Rc8 {[%clk 00:35:00]} {[%emt 00:00:37]} 36. Rxc8+ {[%clk
00:03:24]} {[%emt 00:00:58]} Bxc8 {[%clk 00:35:25]} {[%emt 00:00:05]} 37. Nb5
{[%clk 00:03:49]} {[%emt 00:00:04]} Kf8 {[%clk 00:34:50]} {[%emt 00:01:06]} 38.
Nxa7 {[%clk 00:04:10]} {[%emt 00:00:09]} Ba6 {[%clk 00:33:53]} {[%emt
00:01:27]} 39. Nc6 {[%clk 00:04:30]} {[%emt 00:00:09]} Bd3 {[%clk 00:34:13]}
{[%emt 00:00:11]} 40. Nd4 {[%clk 00:04:24]} {[%emt 00:00:36]} g6 {[%clk
00:34:14]} {[%emt 00:00:30]} 41. fxg6 {[%clk 00:04:30]} {[%emt 00:00:23]} Bxg6
{[%clk 00:34:42]} {[%emt 00:00:02]} 42. f4 {[%clk 00:26:53]} {[%emt 00:08:07]}
Ke7 {[%clk 01:04:37]} {[%emt 00:00:35]} 43. b4 {[%clk 00:27:18]} {[%emt
00:00:05]} Kd6 {[%clk 01:04:03]} {[%emt 00:01:05]} 44. Kf2 {[%clk 00:22:37]}
{[%emt 00:05:11]} Be8 {[%clk 01:04:14]} {[%emt 00:00:18]} 45. Ke3 {[%clk
00:23:02]} {[%emt 00:00:05]} b5 {[%clk 01:03:16]} {[%emt 00:01:28]} 46. f5
{[%clk 00:22:36]} {[%emt 00:00:56]} Ke5 {[%clk 01:03:21]} {[%emt 00:00:25]} 47.
a3 {[%clk 00:23:02]} {[%emt 00:00:04]} Kd6 {[%clk 01:03:43]} {[%emt 00:00:08]}
48. Nf3 {[%clk 00:23:27]} {[%emt 00:00:06]} Bc6 {[%clk 01:02:54]} {[%emt
00:01:17]} 49. Kd4 {[%clk 00:23:53]} {[%emt 00:00:05]} Be8 {[%clk 01:03:11]}
{[%emt 00:00:13]} 50. Ng1 {[%clk 00:24:17]} {[%emt 00:00:07]} 1-0

[Event "Deutsche Ländermeisterschaft 2025"]
[Site "Oer-Erkenschwick GER"]
[Date "2025.10.02"]
[Round "3"]
[White "Müller, Maximilian"]
[Black "Großmann, Piet"]
[Result "0-1"]
[Termination "normal"]
[Board "9.2"]
[WhiteElo "2059"]
[BlackElo "2077"]
[WhiteClock "00:41:13"]
[BlackClock "00:19:03"]
[WhiteTeam "Saarland & Friends"]
[BlackTeam "Mecklenburg-Vorpommern"]
[PlyCount "104"]
[WhiteFideId "16243552"]
[BlackFideId "16234359"]
[EventCountry "GER"]
[EventRounds "7"]
[EventType "team-swiss"]
[EventDate "2025.09.30"]

1. e4 {[%clk 01:30:58]} {[%emt 00:00:02]} e6 {[%clk 01:30:55]} {[%emt
00:00:06]} 2. d4 {[%clk 01:31:23]} {[%emt 00:00:04]} d5 {[%clk 01:31:21]}
{[%emt 00:00:03]} 3. Nc3 {[%clk 01:31:48]} {[%emt 00:00:05]} Bb4 {[%clk
01:29:28]} {[%emt 00:02:23]} 4. e5 {[%clk 01:32:08]} {[%emt 00:00:10]} c5
{[%clk 01:29:50]} {[%emt 00:00:07]} 5. a3 {[%clk 01:32:37]} {[%emt 00:00:03]}
Bxc3+ {[%clk 01:30:13]} {[%emt 00:00:06]} 6. bxc3 {[%clk 01:33:03]} {[%emt
00:00:04]} Qc7 {[%clk 01:30:35]} {[%emt 00:00:08]} 7. Nf3 {[%clk 01:27:04]}
{[%emt 00:06:29]} Ne7 {[%clk 01:30:08]} {[%emt 00:00:58]} 8. Bd3 {[%clk
01:25:28]} {[%emt 00:02:06]} b6 {[%clk 01:28:35]} {[%emt 00:02:02]} 9. O-O
{[%clk 01:21:03]} {[%emt 00:04:55]} Ba6 {[%clk 01:28:22]} {[%emt 00:00:43]} 10.
a4 {[%clk 01:18:17]} {[%emt 00:03:16]} Bxd3 {[%clk 01:22:23]} {[%emt 00:06:29]}
11. Qxd3 {[%clk 01:18:16]} {[%emt 00:00:32]} Nd7 {[%clk 01:19:49]} {[%emt
00:03:03]} 12. Ba3 {[%clk 01:17:14]} {[%emt 00:01:32]} Rc8 {[%clk 01:02:10]}
{[%emt 00:18:08]} 13. Rfe1 {[%clk 00:49:56]} {[%emt 00:27:49]} h6 {[%clk
00:58:26]} {[%emt 00:04:14]} 14. c4 {[%clk 00:43:19]} {[%emt 00:07:08]} dxc4
{[%clk 00:58:36]} {[%emt 00:00:20]} 15. Qxc4 {[%clk 00:43:38]} {[%emt
00:00:11]} O-O {[%clk 00:58:44]} {[%emt 00:00:21]} 16. Rad1 {[%clk 00:34:21]}
{[%emt 00:09:47]} Rfd8 {[%clk 00:46:57]} {[%emt 00:12:17]} 17. Qe2 {[%clk
00:32:03]} {[%emt 00:02:48]} Nf8 {[%clk 00:43:24]} {[%emt 00:04:03]} 18. dxc5
{[%clk 00:20:27]} {[%emt 00:12:06]} bxc5 {[%clk 00:43:33]} {[%emt 00:00:20]}
19. Qb5 {[%clk 00:18:10]} {[%emt 00:02:48]} Nd5 {[%clk 00:40:42]} {[%emt
00:03:20]} 20. Rd3 {[%clk 00:16:07]} {[%emt 00:02:33]} c4 {[%clk 00:29:30]}
{[%emt 00:11:42]} 21. Rd4 {[%clk 00:16:36]} {[%emt 00:00:02]} Nd7 {[%clk
00:17:14]} {[%emt 00:12:46]} 22. Bd6 {[%clk 00:16:40]} {[%emt 00:00:26]} Qc6
{[%clk 00:17:28]} {[%emt 00:00:15]} 23. Ree4 {[%clk 00:16:17]} {[%emt
00:00:54]} Qxb5 {[%clk 00:15:52]} {[%emt 00:02:06]} 24. axb5 {[%clk 00:16:45]}
{[%emt 00:00:02]} N7b6 {[%clk 00:14:16]} {[%emt 00:02:06]} 25. Kf1 {[%clk
00:13:06]} {[%emt 00:04:10]} Nc3 {[%clk 00:14:30]} {[%emt 00:00:15]} 26. Be7
{[%clk 00:13:29]} {[%emt 00:00:08]} Rxd4 {[%clk 00:14:09]} {[%emt 00:00:51]}
27. Rxd4 {[%clk 00:13:48]} {[%emt 00:00:11]} Nxb5 {[%clk 00:14:25]} {[%emt
00:00:14]} 28. Rd1 {[%clk 00:13:21]} {[%emt 00:00:57]} Nd5 {[%clk 00:14:01]}
{[%emt 00:00:54]} 29. Rb1 {[%clk 00:13:27]} {[%emt 00:00:24]} a6 {[%clk
00:06:39]} {[%emt 00:07:52]} 30. Bd6 {[%clk 00:13:52]} {[%emt 00:00:05]} Rc6
{[%clk 00:05:04]} {[%emt 00:02:04]} 31. Nd2 {[%clk 00:11:54]} {[%emt 00:02:29]}
Ndc3 {[%clk 00:01:50]} {[%emt 00:03:43]} 32. Rb4 {[%clk 00:10:38]} {[%emt
00:01:46]} Nxd6 {[%clk 00:00:36]} {[%emt 00:01:43]} 33. exd6 {[%clk 00:11:01]}
{[%emt 00:00:07]} Rxd6 {[%clk 00:01:02]} {[%emt 00:00:04]} 34. Rxc4 {[%clk
00:11:30]} {[%emt 00:00:03]} Rxd2 {[%clk 00:00:54]} {[%emt 00:00:38]} 35. Rxc3
{[%clk 00:11:55]} {[%emt 00:00:05]} Rd7 {[%clk 00:00:40]} {[%emt 00:00:43]} 36.
Ke2 {[%clk 00:12:11]} {[%emt 00:00:14]} Kf8 {[%clk 00:01:03]} {[%emt 00:00:07]}
37. Rc6 {[%clk 00:12:24]} {[%emt 00:00:17]} Ra7 {[%clk 00:00:48]} {[%emt
00:00:44]} 38. Kd3 {[%clk 00:12:13]} {[%emt 00:00:41]} a5 {[%clk 00:00:54]}
{[%emt 00:00:24]} 39. Kc3 {[%clk 00:09:37]} {[%emt 00:03:06]} a4 {[%clk
00:00:46]} {[%emt 00:00:38]} 40. Kb2 {[%clk 00:10:03]} {[%emt 00:00:04]} Ke7
{[%clk 00:00:35]} {[%emt 00:00:41]} 41. Ka3 {[%clk 00:10:26]} {[%emt 00:00:07]}
Rd7 {[%clk 00:23:26]} {[%emt 00:07:38]} 42. f4 {[%clk 00:37:51]} {[%emt
00:03:05]} Rd2 {[%clk 00:23:30]} {[%emt 00:00:26]} 43. g3 {[%clk 00:38:17]}
{[%emt 00:00:04]} Rxh2 {[%clk 00:23:48]} {[%emt 00:00:11]} 44. Rc7+ {[%clk
00:38:33]} {[%emt 00:00:15]} Kf6 {[%clk 00:20:26]} {[%emt 00:03:52]} 45. Kxa4
{[%clk 00:38:58]} {[%emt 00:00:05]} Rh3 {[%clk 00:19:04]} {[%emt 00:01:51]} 46.
Rc3 {[%clk 00:38:37]} {[%emt 00:00:52]} h5 {[%clk 00:19:09]} {[%emt 00:00:24]}
47. Rb3 {[%clk 00:39:04]} {[%emt 00:00:05]} h4 {[%clk 00:19:09]} {[%emt
00:00:29]} 48. gxh4 {[%clk 00:39:30]} {[%emt 00:00:04]} Rxh4 {[%clk 00:18:49]}
{[%emt 00:00:50]} 49. Rf3 {[%clk 00:39:57]} {[%emt 00:00:03]} g5 {[%clk
00:18:29]} {[%emt 00:00:50]} 50. c4 {[%clk 00:40:23]} {[%emt 00:00:04]} Rxf4
{[%clk 00:18:20]} {[%emt 00:00:39]} 51. Rxf4+ {[%clk 00:40:46]} {[%emt
00:00:07]} gxf4 {[%clk 00:18:44]} {[%emt 00:00:06]} 52. c5 {[%clk 00:41:13]}
{[%emt 00:00:03]} Ke7 {[%clk 00:19:03]} {[%emt 00:00:11]} 0-1